Online
Catalog

Ética Profesional / (Record no. 24711)

MARC details
000 -CABECERA
campo de control de longitud fija 00583nam a2200169 a 4500
001 - NÚMERO DE CONTROL
campo de control 000025218
005 - FECHA Y HORA DE LA ÚLTIMA TRANSACCIÓN
campo de control 20240304185510.0
008 - DATOS DE LONGITUD FIJA--INFORMACIÓN GENERAL
campo de control de longitud fija 110211s2009 dr r 000 0 spa d
040 ## - FUENTE DE LA CATALOGACIÓN
Centro catalogador/agencia de origen DO-SdBNP
Lengua de catalogación spa
Centro/agencia transcriptor BNPHU
082 ## - NÚMERO DE LA CLASIFICACIÓN DECIMAL DEWEY
Número de clasificación xxxx
Número de documento/Ítem S583e
100 1# - ENTRADA PRINCIPAL--NOMBRE DE PERSONA
Nombre de persona Silié Gatón, José A.,
Fechas asociadas al nombre 1920-2014
9 (RLIN) 747
245 10 - MENCIÓN DE TÍTULO
Título Ética Profesional /
Mención de responsabilidad, etc. José A. Silié Gatón ; prólogo Víctor Melitón Rodríguez R.
260 ## - PUBLICACIÓN, DISTRIBUCIÓN, ETC.
Lugar de publicación, distribución, etc. Santo Domingo :
Nombre del editor, distribuidor, etc. La Filantrópica,
Fecha de publicación, distribución, etc. 2009.
300 ## - DESCRIPCIÓN FÍSICA
Extensión 224 p. ;
Dimensiones 20 cm.
504 ## - NOTA DE BIBLIOGRAFÍA, ETC.
Nota de bibliografía, etc. Bibliografía : p. 223-224
700 1# - PUNTO DE ACCESO ADICIONAL--NOMBRE DE PERSONA
Nombre de persona Rodríguez R., Víctor Melitón,
Término indicativo de función/relación pról.
9 (RLIN) 7367
Holdings
Estado de retiro Estado de pérdida No para préstamo Código de colección Localización permanente Ubicación/localización actual Ubicación en estantería Fecha de adquisición Número de inventario Total de préstamos Signatura topográfica completa Código de barras Fecha visto por última vez Precio válido a partir de Tipo de ítem Koha
    Excluido de préstamo Patrimonio Dominicano Patrimonio Dominicano Patrimonio Dominicano Depósito 11.02.2011 LF1   xxxx S583e 25218-10 25.06.2020 25.06.2020 Libro y Folleto Colección Patrimonio Dominicano

Powered by Koha